Phân tích và thiết kế kết cấu bằng phần mềm SAP 2000
Đã lưu trong:
| 主要作者: | |
|---|---|
| 格式: | 图书 |
| 语言: | Undetermined |
| 出版: |
Tp. HCM
Thống Kê
2001
|
| 主题: | |
| 标签: |
添加标签
没有标签, 成为第一个标记此记录!
|
| Thư viện lưu trữ: | Trung tâm Học liệu Trường Đại học Cần Thơ |
|---|
| LEADER | 00552nam a2200169Ia 4500 | ||
|---|---|---|---|
| 001 | CTU_45510 | ||
| 008 | 210402s9999 xx 000 0 und d | ||
| 082 | |a 005.3 | ||
| 082 | |b V312/T1 | ||
| 100 | |a BÙI ĐỨC VINH | ||
| 245 | 0 | |a Phân tích và thiết kế kết cấu bằng phần mềm SAP 2000 | |
| 245 | 0 | |c BÙI ĐỨC VINH | |
| 260 | |a Tp. HCM | ||
| 260 | |b Thống Kê | ||
| 260 | |c 2001 | ||
| 650 | |a sap ( computer programs ),construction data processing | ||
| 980 | |a Trung tâm Học liệu Trường Đại học Cần Thơ | ||